Bible Click Chain - Statistics

General Stats
  • This quiz has been taken 227 times
  • The average score is 17 of 35
Answer Stats
Hint Answer % Correct
The first Book of the Bible is... Genesis
98%
Who led the Israelites out of... Egypt
87%
Which is written by... Moses
75%
Where Jesus fed 50,000 with... 5 loaves and 2 fish
68%
Who built the... Ark
66%
Which is the last Book of the... New Testament
66%
Where Jesus sweat... Blood
65%
Which is where _____ fled to as a baby... Jesus
63%
Which is a mountain like... Mount Zion
63%
Of which many were... Fishermen
60%
Who was blinded on the road to... Damascus
58%
Which consisted mostly of ___'s Letters... Paul
55%
Which is a city in... Syria
54%
Which rested on... Mount Ararat
53%
Who wrote the book of... Revelation
50%
Which is what the ____ turned into... Nile
49%
Which is a river, like the... Jordan
48%
Who cut off someone's ear in defence of Jesus at... The Garden Of Gethsemane
47%
Who was the brother of _____... James
46%
Which flows from... The Sea of Galilee
46%
Which were given by... His disciples
43%
Which is written by... Peter
42%
Which is where ______ is build on... Jerusalem
40%
Which includes... John
40%
Which was documented in the book of... Numbers
40%
Who was the great-grandfather of... Noah
39%
Which was originally in... Canaan
35%
Who was the successor of... Elijah
34%
Who were helped by _____... Rahab
34%
Which the book is before... 1 Peter
30%
Who ascended to heaven like.. Enoch
29%
Before it was captured by... Joshua
29%
Who, along with ____ were spies... Caleb
28%
Which is where ______ is from... Naaman
24%
Who was healed by... Elisha
23%
No matching quizzes found
Score Distribution
Percent of People with Each Score
Percentile by Number Answered
Your Score History
You have not taken this quiz